000
00227nam a2200097Ia 4500
008
240331s9999 xx 000 0 und d
082
_b
FAC
100
_a
Abeysekera, C. ed
245
0
_a
Facets of ethnicity in Sri Lanka
942
_c
L
999
_c
1999
_d
1999